000 00287nam a2200121Ia 4500
008 240624s9999 xx 000 0 und d
041 _aeng
082 _a823 JOH
100 _aJOHNSTON BARRY
245 _aWIT OF CRICKET
260 _c2009
_aLondon
_bHodder
300 _a290 : p. : cm. ; 20
999 _c21604
_d21604